书目信息 |
| 题名: |
钚化学
|
|
| 作者: | J.M.克利夫兰 著 ;《钚化学》翻译组 | |
| 分册: | ||
| 出版信息: | 北京 科学出版社 1974 |
|
| 页数: | 603页 | |
| 开本: | 21cm | |
| 丛书名: | ||
| 单 册: | ||
| 中图分类: | TL24 | |
| 科图分类: | ||
| 主题词: | 辐照过的核燃料--核燃料后处理 | |
| 电子资源: | ||
| ISBN: | ||
| 000 | 00632nam0 2200217 45 | |
| 001 | 0405210848 | |
| 005 | 20040521085824.4 | |
| 010 | @dCNY2.40 | |
| 091 | @a13031.107 | |
| 100 | @a20040521d1974 km y0chiy0120 ea | |
| 101 | 0 | @achi@ceng |
| 105 | @a z 000yy | |
| 200 | 1 | @a钚化学@ABu Hua Xue@f(美)J.M.克利夫兰著@F(Mei)J.M.Ke Li Fu Lan Zhu@g《钚化学》翻译组 |
| 210 | @a北京@c科学出版社@d1974 | |
| 215 | @a603页@d21cm | |
| 606 | 0 | @a辐照过的核燃料@x核燃料后处理 |
| 690 | @aTL24 | |
| 701 | 0 | @aJ.M.克利夫兰@4著 |
| 702 | 0 | @a《钚化学》翻译组@A《Bu Hua Xue》Fan Yi Zu |
| 801 | @aCN@bPftUser@c20040521 | |
| 905 | @f1@b16577@dTL24@e7 | |
| 钚化学/(美)J.M.克利夫兰著/《钚化学》翻译组.-北京:科学出版社,1974 |
| 603页;21cm |
| ISBN :CNY2.40 |
| ● |
| 相关链接 |
|
|
|
|
正题名:钚化学
索取号:TL24/7
 
预约/预借
| 序号 | 登录号 | 条形码 | 馆藏地/架位号 | 状态 | 备注 |
| 1 | 0016576 | 001366818 | 第二样本阅览室/ [索取号:TL24/7] | 在馆 | |
| 2 | 0016577 | 001366774 | 第三借阅区/ [索取号:TL24/7] | 在馆 |